[Event "FRA-chT2 0405"]
[Site "France"]
[Date "2005.04.03"]
[Round "11"]
[White "Primel, Dominique"]
[Black "Frade Marques, Helder"]
[Result "0-1"]
[WhiteElo "2127"]
[BlackElo "2298"]
[PlyCount "152"]
[EventDate "2004.10.10"]
[EventType "team"]
[EventRounds "11"]
[EventCountry "FRA"]
[SourceTitle "EXT 2006"]
[Source "ChessBase"]
[SourceDate "2005.11.24"]
[SourceVersion "1"]
[SourceVersionDate "2005.11.24"]
[SourceQuality "1"]
[WhiteTeam "Sautron II"]
[BlackTeam "Paris NAO II"]
[WhiteTeamCountry "FRA"]
[BlackTeamCountry "FRA"]

1. Nf3 d5 2. d4 c6 3. c4 e6 4. Qc2 Nd7 5. g3 Ngf6 6. Bg2 Bd6 7. 0-0 0-0 8. Nbd2 Re8 9. Rd1 h6 10. e4 Bf8 11. b3 b6 12. Bb2 Bb7 13. Rac1 Rc8 14. e5 Nh7 15. h4 Be7 16. Nf1 Nb8 17. Ne3 Na6 18. a3 Rc7 19. Qb1 Rd7 20. cxd5 cxd5 21. Bf1 Nc7 22. Bd3 Nf8 23. Rc3 a6 24. Rcc1 Na8 25. Rc3 Rc7 26. Rxc7 Nxc7 27. Rc1 Qd7 28. Rc2 Rc8 29. Qc1 Na8 30. Rxc8 Qxc8 31. Qxc8 Bxc8 32. Kf1 Nc7 33. Ke2 Nd7 34. Kd2 a5 35. Nd1 Ba6 36. Bc2 f6 37. exf6 gxf6 38. Ne3 Bd6 39. h5 Bf8 40. Ng4 Ne8 41. Ke1 f5 42. Nge5 Nxe5 43. Nxe5 Nf6 44. Bd1 Bb5 45. Ng6 Bd6 46. Bc1 Be8 47. Nf4 Kf7 48. Ng6 Kg7 49. Nf4 Bf7 50. Be2 Ne4 51. Nd3 Nc3 52. Bf3 Nb5 53. Be3 Nxa3 54. Ne5 Be8 55. Nd3 Be7 56. Kd1 Nb5 57. Kc2 Nd6 58. Bf4 Nb5 59. Be3 Bg5 60. Nf4 Bf7 61. Be2 Nd6 62. Bf3 Ne8 63. Be2 Be7 64. f3 Nd6 65. g4 Bg5 66. Kd3 Kf6 67. Bd2 Be8 68. Kc2 b5 69. Bd3 a4 70. bxa4 bxa4 71. Kb2 Bb5 72. Bxb5 Nxb5 73. Be3 Nd6 74. Bc1 Nc4+ 75. Kc3 a3 76. Kb3 Nd6 0-1

[Event "Paris-ch opA"]
[Site "Paris"]
[Date "2004.07.07"]
[Round "5"]
[White "Frade Marques, Helder"]
[Black "Arslan, Victor"]
[Result "1-0"]
[WhiteElo "2296"]
[BlackElo "2079"]
[PlyCount "77"]
[EventDate "2004.07.03"]
[EventType "swiss"]
[EventRounds "9"]
[EventCountry "FRA"]
[SourceTitle "EXT 2005"]
[Source "ChessBase"]
[SourceDate "2004.11.15"]
[SourceVersion "1"]
[SourceVersionDate "2004.11.15"]
[SourceQuality "1"]

1. d4 f5 2. g3 Nf6 3. Bg2 g6 4. Nf3 Bg7 5. 0-0 0-0 6. b3 d6 7. Bb2 c6 8. Nbd2 Bd7 9. c4 Na6 10. Re1 Ne4 11. a3 e6 12. Nxe4 fxe4 13. Nd2 d5 14. f3 Qg5 15. Nf1 Rf7 16. fxe4 Raf8 17. Bc1 Qf6 18. e5 Qe7 19. c5 b6 20. b4 Bc8 21. Be3 Nc7 22. Qa4 Nb5 23. Rec1 Bb7 24. Qc2 Qd7 25. Nd2 Nc7 26. Nf3 Ne8 27. a4 Bh8 28. b5 bxc5 29. Qxc5 cxb5 30. axb5 Ng7 31. g4 h5 32. h3 hxg4 33. hxg4 Nf5 34. gxf5 exf5 35. Ng5 Re7 36. Bf4 Bg7 37. Rxa7 Bh6 38. Rxb7 Qxb7 39. Bxd5+ 1-0

[Event "France-ch U16"]
[Site "Reims"]
[Date "2004.04.23"]
[Round "7"]
[White "Monsieux, Cyril"]
[Black "Frade Marques, Helder"]
[Result "0-1"]
[WhiteElo "2156"]
[BlackElo "2282"]
[PlyCount "60"]
[EventDate "2004.04.??"]
[EventType "swiss"]
[EventRounds "9"]
[EventCountry "FRA"]
[SourceTitle "EXT 2005"]
[Source "ChessBase"]
[SourceDate "2004.11.15"]
[SourceVersion "1"]
[SourceVersionDate "2004.11.15"]
[SourceQuality "1"]

1. e4 c5 2. Nf3 Nc6 3. d4 cxd4 4. Nxd4 e5 5. Nb5 d6 6. N1c3 a6 7. Na3 b5 8. Nd5 f5 9. Bd3 f4 10. g3 Nf6 11. gxf4 Be7 12. c3 0-0 13. Nc2 exf4 14. Nxf4 Ne5 15. Nd4 Bb7 16. Rg1 Qd7 17. Nfe6 g6 18. Nxf8 Rxf8 19. Bh6 Qh3 20. Be3 Qxh2 21. Rf1 Nxd3+ 22. Qxd3 Bxe4 23. Qd2 Bg2 24. Bf4 Qh3 25. Rg1 Ne4 26. Qe3 Rxf4 27. f3 Bg5 28. Ke2 Qh2 29. Kd1 Rxf3 30. Rxg2 Qxg2 0-1

[Event "FRA-chT2W 0203"]
[Site "France"]
[Date "2003.04.05"]
[Round "10"]
[White "Frade Marques, Helder"]
[Black "Picard, Romain"]
[Result "0-1"]
[WhiteElo "2219"]
[BlackElo "2229"]
[PlyCount "94"]
[EventDate "2002.10.??"]
[EventType "team"]
[EventRounds "11"]
[EventCountry "FRA"]
[SourceTitle "EXT 2004"]
[Source "ChessBase"]
[SourceDate "2003.11.25"]
[SourceVersion "1"]
[SourceVersionDate "2003.11.25"]
[SourceQuality "1"]
[WhiteTeam "Evry II"]
[BlackTeam "Migne Auxances"]
[WhiteTeamCountry "FRA"]
[BlackTeamCountry "FRA"]

1. Nf3 Nf6 2. c4 g6 3. Nc3 d5 4. cxd5 Nxd5 5. g3 Nb6 6. Bg2 Bg7 7. d3 0-0 8. a4 a5 9. Be3 Nc6 10. 0-0 h6 11. Qc1 Kh7 12. Nb5 Nd5 13. Bc5 Ncb4 14. Bd4 c6 15. Bxg7 Kxg7 16. Nbd4 Re8 17. Nc2 Nxc2 18. Qxc2 e5 19. Nd2 Be6 20. Ne4 Nb4 21. Qc3 Bd5 22. f4 Bxe4 23. Bxe4 f5 24. fxe5 Qb6+ 25. Kh1 Rad8 26. e6+ Qd4 27. Bf3 Rxe6 28. Rac1 Rdd6 29. b3 Qxc3 30. Rxc3 b6 31. Kg1 c5 32. Rc4 Re7 33. g4 fxg4 34. Rxg4 Nc2 35. Rb1 Nd4 36. Kf2 Nxf3 37. Kxf3 Rf6+ 38. Rf4 Rxf4+ 39. Kxf4 Rxe2 40. h4 Kf6 41. Rc1 Rd2 42. Ke3 Rb2 43. Rc3 Ke5 44. h5 g5 45. Rc4 Rxb3 46. Re4+ Kf5 47. Re8 Kg4 0-1

[Event "Paris op-A"]
[Site "Paris"]
[Date "2003.??.??"]
[Round "6"]
[White "Pozdnjakov, Evgueniy"]
[Black "Frade Marques, Helder"]
[Result "1-0"]
[WhiteElo "2216"]
[BlackElo "2238"]
[PlyCount "68"]
[EventDate "2003.07.05"]
[EventType "swiss"]
[EventRounds "9"]
[EventCountry "FRA"]
[SourceTitle "EXT 2005"]
[Source "ChessBase"]
[SourceDate "2004.11.15"]
[SourceVersion "1"]
[SourceVersionDate "2004.11.15"]
[SourceQuality "1"]

1. d4 d5 2. Nf3 c6 3. e3 Nf6 4. c4 Bf5 5. Nc3 e6 6. Bd3 Bxd3 7. Qxd3 Nbd7 8. 0-0 Bd6 9. e4 dxe4 10. Nxe4 Nxe4 11. Qxe4 0-0 12. Bg5 Qc8 13. c5 Bc7 14. Be7 Re8 15. Ng5 g6 16. Qh4 h5 17. Ne4 Bd8 18. Bxd8 Qxd8 19. Qf4 Qe7 20. Rad1 b6 21. Rfe1 Red8 22. Qc7 Kf8 23. Qxc6 Rdc8 24. Qd6 bxc5 25. Qf4 Kg7 26. dxc5 Nxc5 27. Qe5+ f6 28. Qd6 Qxd6 29. Nxd6 Rcb8 30. b3 e5 31. Rd5 Ne6 32. Nc4 Rd8 33. Red1 Rxd5 34. Rxd5 Rd8 1-0

[Event "FRA-chT2W 0203"]
[Site "France"]
[Date "2002.11.16"]
[Round "2"]
[White "Frade Marques, Helder"]
[Black "Pasquier, Thomas"]
[Result "1-0"]
[WhiteElo "2208"]
[BlackElo "2239"]
[PlyCount "66"]
[EventDate "2002.10.??"]
[EventType "team"]
[EventRounds "11"]
[EventCountry "FRA"]
[SourceTitle "EXT 2004"]
[Source "ChessBase"]
[SourceDate "2003.11.25"]
[SourceVersion "1"]
[SourceVersionDate "2003.11.25"]
[SourceQuality "1"]
[WhiteTeam "Evry II"]
[BlackTeam "Le Mans"]
[WhiteTeamCountry "FRA"]
[BlackTeamCountry "FRA"]

1. d4 e6 2. c4 Nf6 3. Nf3 c5 4. d5 exd5 5. cxd5 d6 6. Nc3 g6 7. Nd2 Nbd7 8. e4 Bg7 9. Be2 0-0 10. 0-0 a6 11. a4 Rb8 12. Nc4 Nb6 13. Na3 Bd7 14. a5 Nc8 15. Nc4 Bb5 16. f3 Nh5 17. Be3 f5 18. Qd2 f4 19. Bf2 g5 20. Rfb1 Bxc4 21. Bxc4 Ne7 22. b4 cxb4 23. Rxb4 Ng6 24. Rab1 Ne5 25. Be2 Qc7 26. Bb6 Qf7 27. Ba7 Rbc8 28. Rxb7 Qf6 29. Nd1 g4 30. fxg4 f3 31. gxh5 Bh6 32. Ne3 Qg5 33. Bf1 Ng4 1-0

[Event "Paris-ch op"]
[Site "Paris"]
[Date "2002.07.11"]
[Round "6"]
[White "Soupizon, Remi"]
[Black "Frade Marques, Helder"]
[Result "1/2-1/2"]
[WhiteElo "2012"]
[BlackElo "2208"]
[PlyCount "85"]
[EventDate "2002.07.06"]
[EventType "swiss"]
[EventRounds "9"]
[EventCountry "FRA"]
[SourceTitle "CBM 089 Extra"]
[Source "ChessBase"]
[SourceDate "2002.09.10"]
[SourceVersion "2"]
[SourceVersionDate "2002.09.10"]
[SourceQuality "1"]

1. e4 c6 2. d4 d5 3. Nc3 g6 4. h3 Bg7 5. Nf3 Nf6 6. Bd3 h5 7. Bg5 Nh7 8. Be3 Nf8 9. e5 b6 10. Ne2 Ba6 11. Bxa6 Nxa6 12. Qd3 Nc7 13. 0-0 Nfe6 14. b4 a5 15. a3 a4 16. Nf4 Nxf4 17. Bxf4 b5 18. Rae1 Ne6 19. Bc1 Kd7 20. Ng5 Qe8 21. c3 Bh6 22. Nxe6 fxe6 23. Bxh6 Rxh6 24. Qe3 Qh8 25. h4 Rf8 26. f4 Qg7 27. Rf3 Qf7 28. Qd3 Rh7 29. Ref1 Rg7 30. Rg3 Qg8 31. Rg5 Rf5 32. g3 Rgf7 33. Kg2 Ke8 34. Kg1 Kf8 35. Kg2 Kg7 36. Kg1 Qf8 37. Kg2 Rxg5 38. fxg5 Rf5 39. Kg1 Kf7 40. Rxf5+ exf5 41. Qf3 Ke6 42. Kf2 Qf7 43. Qf4 1/2-1/2

[Event "Paris Apsap op 50th"]
[Site "Paris"]
[Date "2002.??.??"]
[Round "1"]
[White "Arbau, Eric"]
[Black "Frade Marques, Helder"]
[Result "0-1"]
[WhiteElo "1970"]
[BlackElo "2165"]
[PlyCount "86"]
[EventDate "2002.02.21"]
[EventType "swiss"]
[EventRounds "9"]
[EventCountry "FRA"]
[SourceTitle "EXT 2003"]
[Source "ChessBase"]
[SourceDate "2002.11.25"]
[SourceVersion "1"]
[SourceVersionDate "2002.11.25"]
[SourceQuality "1"]

1. e4 c5 2. Nc3 Nc6 3. f4 g6 4. Nf3 Bg7 5. Bc4 e6 6. 0-0 Nge7 7. d3 0-0 8. Qe1 Nd4 9. Nxd4 cxd4 10. Ne2 b6 11. Qh4 Bb7 12. Ng3 Nc6 13. Qh3 Na5 14. f5 Nxc4 15. dxc4 exf5 16. exf5 Qe7 17. Bd2 Be5 18. Rae1 f6 19. Bh6 Rfc8 20. b3 d6 21. Kh1 b5 22. fxg6 hxg6 23. Ne4 Bxe4 24. Rxe4 bxc4 25. Rg4 Qh7 26. Rh4 Qf7 27. Bf4 Qg7 28. bxc4 f5 29. Rh6 Rxc4 30. Qf3 Rac8 31. Qd5+ Kf8 32. Bg5 Qf7 33. Qf3 Rc3 34. Qf2 Rxc2 35. Qh4 Kg8 36. Bf4 Bg7 37. Rh7 Rxa2 38. Rg1 Bf6 39. Rxf7 Bxh4 40. Rd7 Bf2 41. Rf1 Be3 42. Bxd6 Rcc2 43. g4 f4 0-1

[Event "Paris Apsap op 50th"]
[Site "Paris"]
[Date "2002.??.??"]
[Round "3"]
[White "Frade Marques, Helder"]
[Black "De Lagontrie, Jean"]
[Result "1-0"]
[WhiteElo "2165"]
[BlackElo "2089"]
[PlyCount "99"]
[EventDate "2002.02.21"]
[EventType "swiss"]
[EventRounds "9"]
[EventCountry "FRA"]
[SourceTitle "EXT 2003"]
[Source "ChessBase"]
[SourceDate "2002.11.25"]
[SourceVersion "1"]
[SourceVersionDate "2002.11.25"]
[SourceQuality "1"]

1. d4 d5 2. c4 e6 3. Nc3 c5 4. cxd5 exd5 5. Nf3 Nc6 6. g3 Nf6 7. Bg2 Be7 8. 0-0 0-0 9. Bg5 cxd4 10. Nxd4 h6 11. Be3 Re8 12. Rc1 Bf8 13. b3 Bg4 14. h3 Be6 15. Ncb5 Qd7 16. Kh2 a6 17. Nc3 Ba3 18. Rc2 Rad8 19. Rd2 Bb4 20. Qa1 Qe7 21. Rc1 Rc8 22. Rdc2 Bxc3 23. Rxc3 Nxd4 24. Rxc8 Rxc8 25. Rxc8+ Bxc8 26. Qxd4 Be6 27. Bf4 Qd7 28. Bxh6 Ng4+ 29. hxg4 gxh6 30. Qf6 Bxg4 31. Qxh6 Bxe2 32. Qg5+ Kf8 33. Bxd5 Bf1 34. Qh6+ Ke7 35. Qh4+ Kf8 36. Qh8+ Ke7 37. Qe5+ Kf8 38. Qb8+ Kg7 39. Qxb7 Qf5 40. Kg1 Be2 41. Be4 Qe5 42. Bd5 Qa1+ 43. Kh2 Qf6 44. Kg2 Bd3 45. a4 Be2 46. Qa7 Bd3 47. Qd7 Be2 48. b4 Bd1 49. b5 axb5 50. axb5 1-0

[Event "Paris Apsap op 50th"]
[Site "Paris"]
[Date "2002.??.??"]
[Round "2"]
[White "Frade Marques, Helder"]
[Black "Jessel, Stephen"]
[Result "1-0"]
[WhiteElo "2165"]
[BlackElo "2085"]
[PlyCount "53"]
[EventDate "2002.02.21"]
[EventType "swiss"]
[EventRounds "9"]
[EventCountry "FRA"]
[SourceTitle "EXT 2003"]
[Source "ChessBase"]
[SourceDate "2002.11.25"]
[SourceVersion "1"]
[SourceVersionDate "2002.11.25"]
[SourceQuality "1"]

1. d4 d5 2. c4 e6 3. Nc3 Nf6 4. cxd5 exd5 5. Bg5 Be7 6. e3 c6 7. Qc2 0-0 8. Bd3 Nbd7 9. Nf3 Re8 10. 0-0 Nf8 11. Bxf6 Bxf6 12. b4 Be7 13. b5 Bd6 14. bxc6 bxc6 15. Ne2 Bg4 16. Ng3 Bxf3 17. gxf3 Qh4 18. Kh1 c5 19. dxc5 Be5 20. Rad1 Re6 21. Rg1 Rh6 22. Rg2 Qf6 23. f4 Bc7 24. Be2 Qe6 25. Bf3 Rd8 26. Rdg1 g6 27. Nf5 1-0

[Event "Paris Apsap op 50th"]
[Site "Paris"]
[Date "2002.??.??"]
[Round "5"]
[White "Frade Marques, Helder"]
[Black "Vachier Lagrave, Maxime"]
[Result "0-1"]
[WhiteElo "2165"]
[BlackElo "2278"]
[PlyCount "84"]
[EventDate "2002.02.21"]
[EventType "swiss"]
[EventRounds "9"]
[EventCountry "FRA"]
[SourceTitle "EXT 2003"]
[Source "ChessBase"]
[SourceDate "2002.11.25"]
[SourceVersion "1"]
[SourceVersionDate "2002.11.25"]
[SourceQuality "1"]

1. Nf3 c5 2. c4 Nc6 3. d4 cxd4 4. Nxd4 g6 5. e4 Bg7 6. Be3 Nf6 7. Nc3 d6 8. Be2 0-0 9. 0-0 Bd7 10. Qd2 Nxd4 11. Bxd4 Bc6 12. f3 a5 13. Rac1 Nd7 14. Be3 Nc5 15. Rc2 f5 16. exf5 Rxf5 17. b3 Qf8 18. Rb1 Be5 19. a3 Qg7 20. Nd5 e6 21. Nf4 a4 22. bxa4 Bxa4 23. Rcc1 Nb3 24. Nxe6 Qe7 25. Rxb3 Bxb3 26. g4 Bxh2+ 27. Kxh2 Re5 28. Rc3 Qxe6 29. Bf1 Rxa3 30. Bg2 Ra2 31. Qd4 Bxc4 32. Kg3 b5 33. Qb6 d5 34. Qd8+ Qe8 35. Qb6 b4 36. Rxc4 dxc4 37. Bf1 Rxe3 38. Bxc4+ Kg7 39. Bxa2 Qe5+ 40. Kf2 Re2+ 41. Kf1 Rxa2 42. Qb7+ Kh6 0-1

[Event "FRA-ch U14"]
[Site "Hyeres"]
[Date "2002.??.??"]
[Round "5.2"]
[White "Monsieux, Cyril"]
[Black "Frade Marques, Helder"]
[Result "0-1"]
[WhiteElo "2025"]
[BlackElo "2165"]
[PlyCount "74"]
[EventDate "2002.04.05"]
[EventType "swiss"]
[EventRounds "9"]
[EventCountry "FRA"]
[SourceTitle "EXT 2003"]
[Source "ChessBase"]
[SourceDate "2002.11.25"]
[SourceVersion "1"]
[SourceVersionDate "2002.11.25"]
[SourceQuality "1"]

1. e4 c5 2. Nc3 a6 3. g3 b5 4. Bg2 Bb7 5. d3 e6 6. Nge2 Nc6 7. Be3 b4 8. Nb1 d5 9. exd5 exd5 10. 0-0 Nf6 11. d4 c4 12. c3 Bd6 13. Bg5 Qa5 14. Nf4 Ne4 15. Qe2 0-0 16. Nh3 bxc3 17. bxc3 Nxc3 18. Qb2 Nb5 19. Bd2 Qc7 20. Nf4 Ncxd4 21. a4 Be5 22. Nc3 Nxc3 23. Bxc3 Bxf4 24. gxf4 Nf5 25. Bh3 Nh4 26. Bxg7 d4 27. Bxf8 Nf3+ 28. Kg2 Rxf8 29. Rfb1 Rb8 30. Qe2 Qxf4 31. Rxb7 Nh4+ 32. Kh1 Rxb7 33. Qe8+ Kg7 34. Rg1+ Ng6 35. Qc6 Rc7 36. Qxa6 c3 37. Qd6 Qxd6 0-1

[Event "FRA-ch U14"]
[Site "Hyeres"]
[Date "2002.??.??"]
[Round "7.1"]
[White "Ricbour, Jeremy"]
[Black "Frade Marques, Helder"]
[Result "1-0"]
[WhiteElo "2047"]
[BlackElo "2165"]
[PlyCount "67"]
[EventDate "2002.04.05"]
[EventType "swiss"]
[EventRounds "9"]
[EventCountry "FRA"]
[SourceTitle "EXT 2003"]
[Source "ChessBase"]
[SourceDate "2002.11.25"]
[SourceVersion "1"]
[SourceVersionDate "2002.11.25"]
[SourceQuality "1"]

1. e4 c5 2. Nf3 Nc6 3. d4 cxd4 4. Nxd4 Qc7 5. Be2 e6 6. 0-0 Nf6 7. Nc3 a6 8. Be3 Bb4 9. f3 Bxc3 10. bxc3 d5 11. Nxc6 bxc6 12. Bc5 dxe4 13. c4 a5 14. Rb1 Ba6 15. Qd4 e5 16. Qe3 exf3 17. Qxf3 h5 18. Bd3 Bc8 19. Qg3 Ng4 20. Be4 h4 21. Qf3 Ra6 22. Bf5 Bxf5 23. Qxf5 Nh6 24. Qg5 f6 25. Qg6+ Kd8 26. Rfd1+ Kc8 27. Bd6 Qa7+ 28. c5 Rd8 29. Qd3 Rd7 30. Qxa6+ Rb7 31. Qxc6+ Kd8 32. Bf8+ Rd7 33. Rb8+ Qxb8 34. Qxd7# 1-0

[Event "FRA-chT 0102 U18"]
[Site "France"]
[Date "2001.11.25"]
[Round "3.3"]
[White "Frade Marques, Helder"]
[Black "Amsellem, Jeremy"]
[Result "1-0"]
[WhiteElo "2165"]
[BlackElo "1930"]
[PlyCount "73"]
[EventDate "2001.10.??"]
[EventType "team"]
[EventRounds "11"]
[EventCountry "FRA"]
[SourceTitle "EXT 2003"]
[Source "ChessBase"]
[SourceDate "2002.11.25"]
[SourceVersion "1"]
[SourceVersionDate "2002.11.25"]
[SourceQuality "1"]
[WhiteTeam "Creteil"]
[BlackTeam "AECE"]
[WhiteTeamCountry "FRA"]
[BlackTeamCountry "FRA"]

1. d4 Nf6 2. c4 g6 3. Nc3 Bg7 4. e4 d6 5. Nf3 0-0 6. Be2 e5 7. 0-0 Nc6 8. d5 Ne7 9. b4 a5 10. bxa5 Rxa5 11. a4 Ne8 12. Ne1 f5 13. Nd3 Nf6 14. f3 f4 15. Ba3 g5 16. Bb4 Ra8 17. c5 Ne8 18. Qb3 Kh8 19. Qa3 Ng6 20. Nb5 Rf6 21. Rac1 Bf8 22. g4 fxg3 23. hxg3 h5 24. f4 gxf4 25. gxf4 Bh6 26. f5 Be3+ 27. Kh1 Nf4 28. Nxf4 Bxf4 29. Rc3 Rxf5 30. Rh3 Rg5 31. cxd6 cxd6 32. Rxf4 exf4 33. Rh2 Qb6 34. Bc3+ Kg8 35. Bd4 Qa5 36. Qc1 Bd7 37. Nc3 1-0

[Event "FRA-chT 0102 U18"]
[Site "France"]
[Date "2001.11.25"]
[Round "2.3"]
[White "Henry, Guillaume"]
[Black "Frade Marques, Helder"]
[Result "0-1"]
[WhiteElo "2030"]
[BlackElo "2165"]
[PlyCount "58"]
[EventDate "2001.10.??"]
[EventType "team"]
[EventRounds "11"]
[EventCountry "FRA"]
[SourceTitle "EXT 2003"]
[Source "ChessBase"]
[SourceDate "2002.11.25"]
[SourceVersion "1"]
[SourceVersionDate "2002.11.25"]
[SourceQuality "1"]
[WhiteTeam "Avignon"]
[BlackTeam "Creteil"]
[WhiteTeamCountry "FRA"]
[BlackTeamCountry "FRA"]

1. e4 c5 2. Nc3 Nc6 3. f4 g6 4. Nf3 Bg7 5. Bc4 e6 6. f5 gxf5 7. d3 fxe4 8. dxe4 Ne5 9. Bd3 Ne7 10. 0-0 N7g6 11. Nxe5 Bxe5 12. Qf3 Rf8 13. h3 Qh4 14. Be3 b6 15. Bf2 Qg5 16. Be3 Qh4 17. Bf2 Qf4 18. Qxf4 Nxf4 19. Be3 Ng6 20. Bh6 Rg8 21. Bg5 Bb7 22. Bf6 Bb8 23. Rad1 a6 24. Rde1 Nf4 25. Kh1 Rg6 26. e5 Nxd3 27. cxd3 Bxg2+ 28. Kh2 Bxf1 29. Rxf1 Rxf6 0-1

[Event "FRA-chT 0102 U18"]
[Site "France"]
[Date "2001.11.24"]
[Round "1.3"]
[White "Frade Marques, Helder"]
[Black "Agrech, Pierre"]
[Result "1-0"]
[WhiteElo "2165"]
[BlackElo "1780"]
[PlyCount "71"]
[EventDate "2001.10.??"]
[EventType "team"]
[EventRounds "11"]
[EventCountry "FRA"]
[SourceTitle "EXT 2003"]
[Source "ChessBase"]
[SourceDate "2002.11.25"]
[SourceVersion "1"]
[SourceVersionDate "2002.11.25"]
[SourceQuality "1"]
[WhiteTeam "Creteil"]
[BlackTeam "Neuilly"]
[WhiteTeamCountry "FRA"]
[BlackTeamCountry "FRA"]

1. c4 c5 2. Nf3 Nf6 3. d4 g6 4. Nc3 cxd4 5. Nxd4 Bg7 6. e4 0-0 7. Be3 d6 8. Be2 Nc6 9. 0-0 Bd7 10. f3 h6 11. Qd2 Kh7 12. a3 Rc8 13. Rac1 Ne8 14. Nd5 Nc7 15. Nb5 Nxd5 16. cxd5 Ne5 17. Nxa7 Ra8 18. Qb4 Qb8 19. Qb6 Bc8 20. Bb5 Bd7 21. Be2 e6 22. Rc7 Rxa7 23. Qxd6 Ra8 24. f4 Rc8 25. Rfc1 Bc6 26. Bb6 Nd7 27. dxc6 Nxb6 28. cxb7 Rxc7 29. Rxc7 Ra7 30. Qxb6 Bd4+ 31. Qxd4 Qxc7 32. Qxa7 Qc1+ 33. Bf1 Qxb2 34. b8Q Qf6 35. Qf8 Qd4+ 36. Qxd4 1-0

[Event "FRA-ch U14"]
[Site "Amiens"]
[Date "2001.04.09"]
[Round "2"]
[White "Innocente, Nicolas"]
[Black "Frade Marques, Helder"]
[Result "1/2-1/2"]
[WhiteElo "1870"]
[BlackElo "2183"]
[PlyCount "155"]
[EventDate "2001.04.??"]
[EventType "swiss"]
[EventRounds "9"]
[EventCountry "FRA"]
[SourceTitle "EXT 2005"]
[Source "ChessBase"]
[SourceDate "2004.11.15"]
[SourceVersion "1"]
[SourceVersionDate "2004.11.15"]
[SourceQuality "1"]

1. d4 d5 2. c4 e6 3. Nc3 c6 4. cxd5 exd5 5. Bf4 Bd6 6. Bxd6 Qxd6 7. Qc2 Ne7 8. e3 Bf5 9. Bd3 Bxd3 10. Qxd3 0-0 11. Nf3 Nd7 12. 0-0 h6 13. Rab1 Kh8 14. b4 b5 15. a4 a6 16. a5 Qe6 17. Ne2 g5 18. Nd2 Nf5 19. Rbc1 Rac8 20. Ng3 Nd6 21. f3 f5 22. e4 dxe4 23. fxe4 f4 24. Nh5 Rfe8 25. Rfe1 Qg4 26. Qf3 Qxf3 27. gxf3 Kh7 28. e5 Kg6 29. Nxf4+ gxf4 30. exd6 Re3 31. Rxe3 fxe3 32. Ne4 Kf5 33. Kf1 Kf4 34. Ke2 Rg8 35. Ng3 Rg5 36. Rxc6 Rd5 37. Rc3 Rxd4 38. Rxe3 Rxb4 39. Re4+ Rxe4+ 40. Nxe4 Ke5 41. Ke3 Ke6 42. Kd3 Ne5+ 43. Kc3 Kd7 44. f4 Nc4 45. Kb4 Ne3 46. Kb3 Nf5 47. Kb4 Ne3 48. Kb3 Ng4 49. h3 Ne3 50. Nc5+ Kxd6 51. Nxa6 Nd5 52. f5 Ke5 53. Nc5 Kxf5 54. a6 Ke5 55. a7 Nc7 56. Na6 Na8 57. Kb4 h5 58. Kxb5 Kd5 59. Nb4+ Kd6 60. Nd3 Kc7 61. Nc5 Kd6 62. Ne4+ Kc7 63. Ng3 Kb7 64. Nxh5 Kxa7 65. Kc6 Kb8 66. Kd7 Nb6+ 67. Kd8 Kb7 68. Nf6 Kc6 69. Ke8 Kd6 70. Kf7 Nc4 71. h4 Ne5+ 72. Kg7 Nf3 73. h5 Nh4 74. Kf7 Nf5 75. Kg6 Ke6 76. Ng4 Ne7+ 77. Kh7 Kf5 78. Ne3+ 1/2-1/2

[Event "FRA-chT 0001 U18"]
[Site "France"]
[Date "2001.??.??"]
[Round "11"]
[White "Frade Marques, Helder"]
[Black "Comte, Frederic"]
[Result "0-1"]
[WhiteElo "2180"]
[BlackElo "2120"]
[PlyCount "108"]
[EventDate "2000.??.??"]
[EventType "team"]
[EventRounds "11"]
[EventCountry "FRA"]
[SourceTitle "EXT 2003"]
[Source "ChessBase"]
[SourceDate "2002.11.25"]
[SourceVersion "1"]
[SourceVersionDate "2002.11.25"]
[SourceQuality "1"]

1. d4 Nf6 2. Nf3 e6 3. c4 Bb4+ 4. Bd2 Qe7 5. e3 Bxd2+ 6. Nbxd2 d6 7. Be2 0-0 8. 0-0 e5 9. Qc2 a5 10. d5 Re8 11. e4 Nbd7 12. Rfb1 Nc5 13. b3 Nh5 14. a3 Nf4 15. Bf1 f5 16. b4 Nxe4 17. Nxe4 fxe4 18. Qxe4 Rf8 19. Re1 Qf6 20. Nd2 Nh3+ 21. gxh3 Qxf2+ 22. Kh1 Qxd2 23. c5 Rf2 24. Re2 Rxe2 25. Bxe2 axb4 26. Bd3 g6 27. Rg1 Qf4 28. Qg2 Qh6 29. Qc2 Qxh3 30. Rg3 Qh5 31. cxd6 cxd6 32. Be2 Qf5 33. Qc7 Qd7 34. Qc2 Qf7 35. axb4 Bf5 36. Qd1 Be4+ 37. Kg1 Rf8 38. Qe1 Qxd5 39. Re3 Qd4 40. Qc1 d5 41. b5 Qb6 42. h4 Bf5 43. h5 Rc8 44. Qa3 Re8 45. h6 g5 46. Qb3 Be6 47. Qa3 d4 48. Rxe5 d3+ 49. Kh1 Bd5+ 50. Rxd5 Qxh6+ 51. Kg1 dxe2 52. Re5 Rxe5 53. Qa8+ Qf8 54. Qa2+ Kg7 0-1

[Event "FRA-chT 0001 U18"]
[Site "France"]
[Date "2001.??.??"]
[Round "9"]
[White "Valles, Guilhem"]
[Black "Frade Marques, Helder"]
[Result "0-1"]
[WhiteElo "1670"]
[BlackElo "2180"]
[PlyCount "70"]
[EventDate "2000.??.??"]
[EventType "team"]
[EventRounds "11"]
[EventCountry "FRA"]
[SourceTitle "EXT 2003"]
[Source "ChessBase"]
[SourceDate "2002.11.25"]
[SourceVersion "1"]
[SourceVersionDate "2002.11.25"]
[SourceQuality "1"]

1. e4 e6 2. d4 c5 3. Nf3 Nf6 4. Nc3 cxd4 5. Nxd4 Bc5 6. Be3 Qb6 7. Na4 Qa5+ 8. Nc3 Nxe4 9. Nb3 Nxc3 10. Bxc5 Qxc5 11. Nxc5 Nxd1 12. Rxd1 f5 13. Bc4 b6 14. Nd3 Bb7 15. 0-0 Nc6 16. Rfe1 0-0-0 17. c3 Rhe8 18. f4 Kc7 19. Ne5 Nxe5 20. Rxe5 h6 21. g3 g6 22. Kf2 Re7 23. Rd2 g5 24. Rd4 Rh7 25. Bd3 g4 26. Bf1 h5 27. Rd2 h4 28. c4 Rdh8 29. b4 hxg3+ 30. Kxg3 Rh3+ 31. Bxh3 Rxh3+ 32. Kf2 Rxh2+ 33. Ke1 g3 34. Re3 g2 35. Rg3 Rh1+ 0-1

[Event "FRA-chT U20"]
[Site "Pau"]
[Date "2000.??.??"]
[Round "4"]
[White "Frade Marques, Helder"]
[Black "Bonnet, Edouard"]
[Result "1-0"]
[WhiteElo "2181"]
[BlackElo "2155"]
[PlyCount "47"]
[EventDate "2000.??.??"]
[EventType "team-swiss"]
[EventCountry "FRA"]
[SourceTitle "EXT 2001"]
[Source "ChessBase"]
[SourceDate "2000.11.22"]
[SourceVersion "1"]
[SourceVersionDate "2000.11.22"]
[SourceQuality "1"]

1. d4 d5 2. c4 c6 3. Nf3 Nf6 4. Nc3 e6 5. Bg5 h6 6. Bh4 g5 7. Bg3 dxc4 8. e3 b5 9. a4 b4 10. Nb1 c3 11. bxc3 bxc3 12. Bd3 Bb4 13. 0-0 Ba6 14. Bxa6 Nxa6 15. Qd3 Qa5 16. Be5 Ke7 17. Qe2 Nb8 18. Bxf6+ Kxf6 19. Ne5 Kg7 20. Qh5 Qc7 21. f4 Bd6 22. Nxc3 Bxe5 23. fxe5 Rf8 24. Rf6 1-0